000 00194 a2200109 4500
020 _a2800439788405
041 _aspa
100 _aIsabel Munoz
245 _aEs mio
942 _cBK
952 _74
999 _c19749
_d19749